[Event "Liape Magistral 09-B email"]
[Site "Liape email"]
[Date "2002.10.22"]
[Round "8"]
[White "Bascetta, Biagio J"]
[Black "Soto Conde, Dante"]
[Result "1-0"]
[WhiteElo "2300"]
[BlackElo "2200"]
[PlyCount "29"]
[EventDate "2002.10.15"]
[EventType "tourn (corr)"]
[EventRounds "7"]
[EventCountry "ARG"]
[SourceTitle "Corr 2006"]
[Source "ChessBase"]
[SourceDate "2006.04.01"]
[SourceVersion "3"]
[SourceVersionDate "2006.04.01"]
[SourceQuality "1"]

1. e4 c5 2. Nc3 e6 3. f4 d5 4. Nf3 d4 5. Bb5+ Bd7 6. Bxd7+ Nxd7 7. Nb1 Ngf6 8. d3 Be7 9. 0-0 0-0 10. a4 Qa5 11. Nbd2 Qa6 12. h3 Rad8 13. Qe1 Nb6 14. Ne5 Nfd7 15. Nxd7 1-0

[Event "Liape Open-006 email"]
[Site "Liape email"]
[Date "2002.10.03"]
[Round "4"]
[White "Soto Conde, Dante"]
[Black "Montalvo Torres, Juan Gilberto"]
[Result "0-1"]
[WhiteElo "2200"]
[BlackElo "2075"]
[PlyCount "24"]
[EventDate "2002.09.30"]
[EventType "tourn (corr)"]
[EventRounds "6"]
[EventCountry "ARG"]
[SourceTitle "Corr 2006"]
[Source "ChessBase"]
[SourceDate "2006.04.01"]
[SourceVersion "3"]
[SourceVersionDate "2006.04.01"]
[SourceQuality "1"]

1. d4 d5 2. c4 dxc4 3. Nf3 Nf6 4. e3 Bg4 5. Bxc4 e6 6. Nc3 a6 7. h3 Bh5 8. g4 Bg6 9. Ne5 Nbd7 10. Nxg6 hxg6 11. Qf3 b5 12. Be2 c5 0-1

[Event "Liape Magistral 07 email"]
[Site "Liape email"]
[Date "2002.09.12"]
[Round "8"]
[White "Jimenez, Jose"]
[Black "Soto Conde, Dante"]
[Result "1-0"]
[WhiteElo "2168"]
[BlackElo "2200"]
[PlyCount "31"]
[EventDate "2002.09.05"]
[EventType "tourn (corr)"]
[EventRounds "8"]
[EventCountry "ARG"]
[SourceTitle "Corr 2006"]
[Source "ChessBase"]
[SourceDate "2006.04.01"]
[SourceVersion "3"]
[SourceVersionDate "2006.04.01"]
[SourceQuality "1"]

1. e4 c5 2. c3 d5 3. exd5 Qxd5 4. d4 Nf6 5. Nf3 Bg4 6. Be2 e6 7. Na3 a6 8. Nc2 cxd4 9. Ncxd4 e5 10. Nc2 Qxd1+ 11. Bxd1 e4 12. Nfd4 Bxd1 13. Kxd1 Nbd7 14. Bg5 h6 15. Bh4 g5 16. Bg3 1-0

[Event "Liape Magistral 07 email"]
[Site "Liape email"]
[Date "2002.09.05"]
[Round "1"]
[White "Llaneza Vega, Marcos"]
[Black "Soto Conde, Dante"]
[Result "0-1"]
[WhiteElo "2130"]
[BlackElo "2200"]
[PlyCount "30"]
[EventDate "2002.09.05"]
[EventType "tourn (corr)"]
[EventRounds "8"]
[EventCountry "ARG"]
[SourceTitle "Corr 2006"]
[Source "ChessBase"]
[SourceDate "2006.04.01"]
[SourceVersion "3"]
[SourceVersionDate "2006.04.01"]
[SourceQuality "1"]

1. e4 c5 2. Nf3 d6 3. d4 cxd4 4. Nxd4 Nf6 5. Nc3 a6 6. Bg5 e6 7. f4 Qb6 8. Nb3 Nbd7 9. Qd2 Qc7 10. 0-0-0 Be7 11. g4 b5 12. Bxf6 Nxf6 13. g5 Nd7 14. Bh3 0-0 15. f5 Ne5 0-1

[Event "Liape Open-001 email"]
[Site "Liape email"]
[Date "2002.08.12"]
[Round "3"]
[White "Schalkwijk, Peter H"]
[Black "Soto Conde, Dante"]
[Result "1-0"]
[WhiteElo "1711"]
[BlackElo "2200"]
[PlyCount "37"]
[EventDate "2002.08.10"]
[EventType "tourn (corr)"]
[EventRounds "5"]
[EventCountry "ARG"]
[SourceTitle "Corr 2006"]
[Source "ChessBase"]
[SourceDate "2006.04.01"]
[SourceVersion "3"]
[SourceVersionDate "2006.04.01"]
[SourceQuality "1"]

1. Nf3 Nf6 2. d4 d5 3. e3 Bf5 4. c4 e6 5. Qb3 Qc8 6. cxd5 exd5 7. Nc3 c6 8. Ne5 Nbd7 9. f3 Nxe5 10. dxe5 Nd7 11. f4 Nc5 12. Qd1 Qd8 13. g3 f6 14. exf6 Qxf6 15. Kf2 Be7 16. Be2 0-0 17. Qd4 Qd6 18. Qd2 Bf6 19. Bf3 1-0